000 00839nam a2200205 a 4500
001 000029851
005 20200930055845.0
008 110426s1996 dr 000 0 spa d
040 _aDO-SdBNP
_bspa
_cBNPHU
082 _axxx
_bP644c
100 1 _aPimentel, Rubén Darío,
_919624
245 1 0 _aCriterios para el establecimiento de una agenda en prioridades de investigación en salud en la República Dominicana /
_cRubén Darío Pimentel ; editado Marcos A. Espinal, Hugo R. Mendoza.
260 _aSanto Domingo :
_bCentro Nacional de Investigación en Salud Materno Infantil,
_c1996.
300 _a24 p. ;
_c28 cm.
490 1 _aPublicaciones técnicas
_vv. 2
504 _aBibliográfia : 24 p.
700 1 _aEspinal, Marcos A.
_eed.
_956603
700 1 _aMendoza, Hugo R.,
_eed.
_96390
830 0 _aPublicaciones técnicas
_vv. 2
_955758
999 _c29343
_d29343